Combate contra la corrupción: la experiencia de Finlandia.

Na minha lista:
Detalhes bibliográficos
Autor Corporativo: Ministerio de Asuntos Exteriores de Finlandia
Formato: Livro
Idioma:espanhol
Publicado em: Helsinki, Finlandia Ministerio de Asuntos Exteriores de Finlandia 2005
Assuntos:
Tags: Adicionar Tag
Sem tags, seja o primeiro a adicionar uma tag!

MARC

LEADER 00000nam a2200000 a 4500
001 UCI0618
003 CL-VaPUC
005 20211108120035.0
008 070518e20050000FI |||||||||||||||||spa|d
999 |c 325693  |d 325691 
040 |c Pontificia Universidad Católica de Valparaíso 
082 0 4 |a 364.48971323 MIN 2005  |2 21 
110 2 |a Ministerio de Asuntos Exteriores de Finlandia  |9 520771 
245 1 0 |a Combate contra la corrupción: la experiencia de Finlandia. 
260 0 3 |a Helsinki, Finlandia  |b Ministerio de Asuntos Exteriores de Finlandia  |c 2005 
300 |a 18 páginas 
583 |a last modification  |c 20140403 09:52:23  |k Rodrigo Vera 
650 0 |a Corrupción política  |9 376572 
650 0 |a Abuso de poder  |9 324689 
650 0 |a Ciencias Políticas  |9 255201 
650 0 |a Etica política   |9 255799 
650 0 |a Extorsión   |9 383177 
651 7 |a FINLANDIA  |2 CL-VaPUC  |9 268919 
942 |c BK  |2 ddc 
945 |d 20070518 00:00:00  |a jtorresc 
952 |0 0  |1 0  |2 ddc  |4 0  |6 364_489713230000000_MIN_2005  |7 0  |8 A  |9 406960  |a BIBHIS  |b BIBHIS  |d 2019-11-22  |i 4326032  |o 364.48971323 MIN 2005  |p 4326032  |r 2025-01-20  |t 1  |w 2019-11-22  |y BK  |k HIS